| 000 | 00362 a2200121 4500 | ||
|---|---|---|---|
| 001 | ART_2294 | ||
| 005 | 20260410161724.0 | ||
| 008 | 260409a | ||
| 245 | 1 | 0 | _aExposición a la inflación |
| 100 | 1 | _aMarcel, Alberto E. | |
| 700 | 1 | _aHerrscher, Enrique G. | |
| 773 | 0 |
_tAdministración de empresas _g- Año XVII, Nº 193 (abr. 1986) _wREV2036 |
|
| 999 |
_c17263 _d17263 |
||